| 000 | 01335cam a2200289 i 4500 | ||
|---|---|---|---|
| 003 | DO-SdBNP | ||
| 005 | 20240625143434.0 | ||
| 007 | ta | ||
| 008 | 240625s2005 sp bc 000 f spa d | ||
| 020 | _a8478712607 | ||
| 040 |
_aDO-SdBNP _cspa _dBNPHU _erda |
||
| 082 |
_bC828 _222 |
||
| 100 | 1 |
_aCortés, Ferran Ramón _eautor _985806 |
|
| 240 | _aL´illa dels 5 fars / | ||
| 245 | 1 | 3 |
_aLa isla de los 5 faros : _bun recorrido por las claves de la comunicación / _cFerran Ramón Cortés : traducción Cristina Torrent Cortés |
| 250 | _a3a. edición | ||
| 264 | 1 |
_aBarcelona, España : _bRBA libros, _c2005. |
|
| 300 |
_a142 páginas _bilustraciones, retratos _c22 cm. |
||
| 336 |
_2rdacontent _atexto _btxt |
||
| 337 |
_2rdamedia _asin mediación _bn |
||
| 338 |
_2rdacarrier _avolumen _bnc |
||
| 520 | _a«La isla de los 5 faros es una invitación magistral a convertirnos en grandes comunicadores. Ferran nos lleva, a través de una historia inspiradora, cálida y cercana, a encontrar las claves de la comunicación altamente efectiva.» «Cinco faros, cinco claves, cinco historias. Una isla, un escritor y un libro. Un libro claro y sencillo de obligada lectura para todos.» | ||
| 590 | _aInventariado, 2024/ YL | ||
| 700 | 1 |
_aTorrent Cortés, Cristina _etraducción _985807 |
|
| 910 | _aYLockward | ||
| 942 |
_2ddc _cLBS1 |
||
| 999 |
_c56985 _d56985 |
||